000 00509cam a2200157 a 4500
020 _a9291460753
040 _cDLC
082 _a636 INT 2000 A083 Or.
245 0 0 _aHandbook of livestock statistics for developing countries.
260 _aNairobi, Kenya :
_bInternational Livestock Research Institute,
_c2000.
300 _ax, 289 p. ;
_c25 cm.
490 1 _aSocio-economics and policy research working paper ;
650 0 _aLivestock
710 2 _aInternational Livestock Research Institute.
942 _cEK
999 _c16079
_d16079